00446nam a2200193Ia 4500003000900000008004100009040001300050040001300063041000800076100002200084245005400106250000900160260002100169260000900190300001100199300001000210490002400220490000800244IT-RoPAU120407s9999 xx 000 0 und d aIT-RoPAU cIT-RoPAU aita aVladimir I. Lenin aLa rivoluzione proletaria e il rinnegato Kautsky. aRoma aNewton & Compton c1973 a152 p. c20 cm aPaperbacks marxisti v114